Leadership/ (Record no. 186815)

MARC details
000 -LEADER
fixed length control field 00704nam a22002177a 4500
005 - DATE AND TIME OF LATEST TRANSACTION
control field 20220317122506.0
010 ## - LCCN (DPL NO)
LC control number ENG-132021
020 ## - INTERNATIONAL STANDARD BOOK NUMBER
International Standard Book Number 9789355320704
Terms of availability 895.00
035 ## - SYSTEM CONTROL NUMBER
System control number EN-115553
037 ## - SOURCE OF ACQUISITION
Source of stock number/acquisition DBAD
082 ## - DEWEY DECIMAL CLASSIFICATION NUMBER
Classification number 658.4092
100 ## - MAIN ENTRY--PERSONAL NAME
Personal name Hughes, Richard L.
245 ## - TITLE STATEMENT
Title Leadership/
Statement of responsibility, etc Richard L. Hughes, Robert C. Ginnett and Gordon J. Curphy
250 ## - EDITION STATEMENT
Edition statement 9th Edition
260 ## - PUBLICATION, DISTRIBUTION, ETC. (IMPRINT)
Place of publication, distribution, etc Chennai
Name of publisher, distributor, etc McGraw Hilll Education Private Limited
Date of publication, distribution, etc 2021
270 ## - ADDRESS
Address Anjana Complex, No:5/90A, Butt Road, St. Thomas Mount
City Chennai
Postal code 600016
300 ## - PHYSICAL DESCRIPTION
Extent xvi, 768p.
Other physical details Index
Dimensions 24cm(pbk)
700 ## - ADDED ENTRY--PERSONAL NAME
Personal name Ginnett, Robert C.
700 ## - ADDED ENTRY--PERSONAL NAME
Personal name Curphy, Gordon J.
942 ## - ADDED ENTRY ELEMENTS (KOHA)
Source of classification or shelving scheme Dewey Decimal Classification
Item type English Books
Classification part 658.4092
Call number suffix HUG
Holdings
Withdrawn status Lost status Not for loan Collection code Home library Current library Date acquired Source of acquisition Cost, normal purchase price Full call number Barcode Copy number Cost, replacement price Koha item type
      Non-fiction Central Library Central Library 17/03/2022 DBAD/PUB 895.00 658.4092 HUG EN-115553 1 895.00 English Books

© Delhi Public Library
Hit Counter
free hit counter